000
00208 a2200097 4500
001
30000
100
_a
Mcmurran,
245
_a
Programming microprocessors
260
_a
_b
Tab Books
_c
090
_c
19963
_d
19963
942
_a
NUST-CAE
_c
M
_c
11072
999
_c
265073
_d
265073